000 00251nam a2200109Ia 4500
005 20251222141845.0
008 251222s9999||||xx |||||||||||||| ||spa||
082 _a362.485/P87/Ej.2
245 0 _aCamino a la Inclusión
264 _bPropoli
942 _cLIB
999 _c7537
_d7537